Normas dictadas como consecuencia del coronavirus (COVID-19) (Registro nro. 35275)
[ vista simple ]
| 000 -LEADER | |
|---|---|
| fixed length control field | 00367 a2200109 4500 |
| 001 - CONTROL NUMBER | |
| control field | ART_52009 |
| 005 - DATE AND TIME OF LATEST TRANSACTION | |
| control field | 20260410162045.0 |
| 008 - FIXED-LENGTH DATA ELEMENTS--GENERAL INFORMATION | |
| fixed length control field | 260409a |
| 100 1# - MAIN ENTRY--PERSONAL NAME | |
| Personal name | Baldo, Alberto |
| 245 10 - TITLE STATEMENT | |
| Title | Normas dictadas como consecuencia del coronavirus (COVID-19) |
| 773 0# - HOST ITEM ENTRY | |
| Title | Impuestos |
| Related parts | Impacto económico-tributario del COVID-19 - N°74 (abr. 2020) |
| Record control number | REV45175 |
No hay ítems disponibles.